[Event "FRA-chT Top 16 Gp Basse"]
[Site "Chartres"]
[Date "2022.06.19"]
[Round "4.3"]
[White "Schippke, Manon"]
[Black "Ruhlmann, Helene"]
[Result "1-0"]
[WhiteElo "2120"]
[BlackElo "1787"]
[PlyCount "83"]
[EventDate "2022.06.16"]
[EventType "team-tourn"]
[EventRounds "4"]
[EventCountry "FRA"]
[SourceTitle "CBM 208 Extra"]
[Source "ChessBase"]
[SourceDate "2022.07.31"]
[SourceVersion "1"]
[SourceVersionDate "2022.07.31"]
[SourceQuality "1"]
[WhiteTeam "Metz Fischer"]
[BlackTeam "Echiquier de l'Erdre"]
[WhiteTeamCountry "FRA"]
[BlackTeamCountry "FRA"]

1. e4 c5 2. Nf3 d6 3. d4 cxd4 4. Nxd4 Nf6 5. Nc3 a6 6. Be3 e5 7. Nb3 Be6 8. f3 h5 9. Nd5 Bxd5 10. exd5 Nbd7 11. Qd2 g6 12. 0-0-0 Bg7 13. h4 Rc8 14. Kb1 Nb6 15. Qa5 Nfd7 16. Qb4 Qc7 17. c3 Bh6 18. Bxh6 Rxh6 19. g4 Kf8 20. Be2 Re8 21. f4 hxg4 22. fxe5 Rxe5 23. Qf4 Rh7 24. Bxg4 Nxd5 25. Qd4 N7f6 26. Bf3 Rf5 27. Bxd5 Nxd5 28. c4 Nb6 29. Rc1 Nd7 30. Rhd1 Nc5 31. Nxc5 dxc5 32. Qe3 Qe7 33. Qc3 Rxh4 34. Re1 Qf6 35. Qb3 Rf2 36. Ka1 Rhh2 37. Rb1 b6 38. a4 g5 39. a5 bxa5 40. Qb8+ Kg7 41. Re8 Rh7 42. Rg8+ 1-0

[Event "FRA-chT Top 12"]
[Site "Chalons en Champagne"]
[Date "2021.06.30"]
[Round "7.1"]
[White "Ruhlmann, Helene"]
[Black "Mathieu, Phileas"]
[Result "0-1"]
[WhiteElo "1816"]
[BlackElo "2240"]
[PlyCount "114"]
[EventDate "2021.06.24"]
[EventType "team-tourn"]
[EventRounds "11"]
[EventCountry "FRA"]
[SourceTitle "CBM 203 Extra"]
[Source "ChessBase"]
[SourceDate "2021.09.30"]
[SourceVersion "1"]
[SourceVersionDate "2021.09.30"]
[SourceQuality "1"]
[WhiteTeam "Echiquier de l'Erdre"]
[BlackTeam "Vandoeuvre"]
[WhiteTeamCountry "FRA"]
[BlackTeamCountry "FRA"]

1. d4 Nf6 2. c4 c5 3. d5 b5 4. cxb5 a6 5. bxa6 g6 6. Nc3 Bg7 7. e4 0-0 8. a7 Rxa7 9. Nf3 e6 10. Be2 exd5 11. exd5 d6 12. 0-0 Na6 13. Nb5 Rd7 14. Bc4 Bb7 15. Qb3 Qa8 16. Rd1 Nb4 17. Bf4 Rfd8 18. Nc3 Rb8 19. a3 Na6 20. Nb5 Ne8 21. Qc2 Nac7 22. Nxc7 Nxc7 23. Qd2 Ba6 24. Bxa6 Rxb2 25. Qd3 Qxa6 26. Qxa6 Nxa6 27. Rab1 c4 28. Rxb2 Bxb2 29. Ne1 Nc7 30. Nc2 Kg7 31. Kf1 Kf6 32. h4 Kf5 33. g3 Kf6 34. Bg5+ Kg7 35. Be3 Bf6 36. Bf4 Nb5 37. Bd2 Ra7 38. Bb4 Ra4 39. Ne3 Bc3 40. Nxc4 Bxb4 41. axb4 Rxb4 42. Ne3 h5 43. Rc1 Kf6 44. Ke2 Ke5 45. Rc8 Kf6 46. Rc1 Ke7 47. Kd3 f5 48. f4 Rd4+ 49. Ke2 Rb4 50. Kd3 Rd4+ 51. Ke2 Ra4 52. Kd3 Rb4 53. Ke2 Rb3 54. Rc4 Nc3+ 55. Kf2 Ne4+ 56. Rxe4+ fxe4 57. f5 Rxe3 0-1

[Event "Les Sables d'Olonneop 4th"]
[Site "Les Sables d'Olonne"]
[Date "2017.07.17"]
[Round "3"]
[White "Ruhlmann, Helene"]
[Black "Cotonnec, Melkior"]
[Result "0-1"]
[WhiteElo "1861"]
[BlackElo "2320"]
[PlyCount "82"]
[EventDate "2017.07.15"]
[EventType "swiss"]
[EventRounds "9"]
[EventCountry "FRA"]
[SourceTitle "EXT 2018"]
[Source "ChessBase"]
[SourceDate "2017.10.13"]
[SourceVersion "1"]
[SourceVersionDate "2017.10.13"]
[SourceQuality "1"]

1. Nf3 f5 2. d3 Nc6 3. e4 e5 4. g3 d6 5. Bg2 Nf6 6. Nc3 g6 7. Bg5 h6 8. Bxf6 Qxf6 9. Nd5 Qf7 10. b4 Bg7 11. b5 Nd8 12. 0-0 c6 13. bxc6 bxc6 14. Ne3 0-0 15. Nd2 Be6 16. c4 f4 17. Nc2 h5 18. Nf3 Bh6 19. c5 dxc5 20. Nxe5 Qf6 21. d4 cxd4 22. Qxd4 Bg7 23. Nf3 Qe7 24. e5 g5 25. Nd2 Nf7 26. Nc4 Rad8 27. Qc3 Qc5 28. N2a3 Nxe5 29. Qa5 Qxa5 30. Nxa5 f3 31. Bh1 Rd3 32. Nb3 Bxb3 33. axb3 Rxb3 34. Nc2 Rf7 35. Rae1 c5 36. h3 a5 37. Re3 a4 38. Ra1 Ra7 39. Ne1 Rxe3 40. fxe3 g4 41. hxg4 f2+ 0-1

[Event "Ile et Vilaine op"]
[Site "Rennes"]
[Date "2017.07.12"]
[Round "7"]
[White "Stephan, Victor"]
[Black "Ruhlmann, Helene"]
[Result "1-0"]
[WhiteElo "2352"]
[BlackElo "1861"]
[PlyCount "63"]
[EventDate "2017.07.08"]
[EventType "swiss"]
[EventRounds "9"]
[EventCountry "FRA"]
[SourceTitle "EXT 2019"]
[Source "ChessBase"]
[SourceDate "2018.10.10"]
[SourceVersion "1"]
[SourceVersionDate "2018.10.10"]
[SourceQuality "1"]

1. d4 d5 2. c4 dxc4 3. Nf3 Nf6 4. e3 a6 5. Bxc4 b5 6. Bb3 Bb7 7. 0-0 e6 8. Nc3 Nbd7 9. Qe2 Be7 10. e4 b4 11. e5 bxc3 12. exf6 Bxf6 13. bxc3 0-0 14. Rb1 Qc8 15. Ng5 Bxg5 16. Bxg5 Re8 17. Qg4 Nf8 18. Ba4 Rb8 19. Bxe8 Qxe8 20. Rb3 Bd5 21. Rxb8 Qxb8 22. Qe2 Qa8 23. f3 Qc6 24. Qb2 Nd7 25. Rb1 f6 26. Bf4 e5 27. dxe5 Nxe5 28. Bxe5 fxe5 29. Re1 e4 30. fxe4 Bxe4 31. Qe2 Bg6 32. Qe6+ 1-0

[Event "Avoine op 31st"]
[Site "Avoine"]
[Date "2016.07.28"]
[Round "6"]
[White "Ruhlmann, Helene"]
[Black "Bressy, Theo"]
[Result "0-1"]
[WhiteElo "1730"]
[BlackElo "2092"]
[PlyCount "38"]
[EventDate "2016.07.23"]
[EventType "swiss"]
[EventRounds "9"]
[EventCountry "FRA"]
[SourceTitle "CBM 173 Extra"]
[Source "ChessBase"]
[SourceDate "2016.08.29"]
[SourceVersion "1"]
[SourceVersionDate "2016.08.29"]
[SourceQuality "1"]

1. Nf3 g6 2. g3 Bg7 3. Bg2 e5 4. e4 Ne7 5. c3 0-0 6. d4 exd4 7. cxd4 d5 8. exd5 Nxd5 9. 0-0 Nc6 10. Nc3 Nb6 11. Ne2 Bg4 12. Bf4 Nd5 13. Be5 Nxe5 14. Nxe5 Be6 15. Rc1 c6 16. a3 Qb6 17. b4 Rad8 18. Rc5 Bxe5 19. dxe5 Nxb4 0-1

[Event "FRA-ch U20 Girls"]
[Site "Pau"]
[Date "2015.04.27"]
[Round "3"]
[White "Rouzes, Sibylle Anne"]
[Black "Ruhlmann, Helene"]
[Result "1-0"]
[WhiteElo "1666"]
[BlackElo "1862"]
[PlyCount "37"]
[EventDate "2015.04.26"]
[EventType "swiss"]
[EventRounds "9"]
[EventCountry "FRA"]
[SourceTitle "CBM 166 Extra"]
[Source "ChessBase"]
[SourceDate "2015.06.18"]
[SourceVersion "1"]
[SourceVersionDate "2015.06.18"]
[SourceQuality "1"]

1. e4 d5 2. exd5 Nf6 3. d4 Bg4 4. Nf3 Qxd5 5. Be2 Nc6 6. h3 Qh5 7. 0-0 0-0-0 8. Be3 e5 9. c3 e4 10. hxg4 Nxg4 11. Nh4 f5 12. Bxg4 fxg4 13. g3 Ne5 14. dxe5 Rxd1 15. Rxd1 Qxe5 16. Nd2 h5 17. Ng6 Qe6 18. Nxh8 Be7 19. Bd4 1-0

[Event "Barcelona Sant Marti op-A 16th"]
[Site "Barcelona"]
[Date "2014.07.13"]
[Round "1"]
[White "Ruhlmann, Helene"]
[Black "Martinez Alcantara, Jose Eduardo"]
[Result "0-1"]
[WhiteElo "1867"]
[BlackElo "2295"]
[PlyCount "44"]
[EventDate "2014.07.13"]
[EventType "swiss"]
[EventRounds "9"]
[EventCountry "ESP"]
[SourceTitle "CBM 161 Extra"]
[Source "ChessBase"]
[SourceDate "2014.08.29"]
[SourceVersion "1"]
[SourceVersionDate "2014.08.29"]
[SourceQuality "1"]

1. d4 Nf6 2. Nf3 g6 3. g3 Bg7 4. Bg2 0-0 5. 0-0 c6 6. c4 d6 7. h3 Nbd7 8. Nc3 e5 9. e4 Qb6 10. dxe5 dxe5 11. Qe2 Re8 12. Be3 Qc7 13. a4 a5 14. c5 Bf8 15. Qc4 Nxc5 16. Ng5 b6 17. Rfe1 h6 18. Bxc5 Bxc5 19. Nf3 Ba6 20. Qb3 Nh5 21. Bf1 Nxg3 22. Bxa6 Rxa6 0-1

[Event "Sautron op (Women)"]
[Site "Sautron"]
[Date "2013.05.10"]
[Round "6"]
[White "Milliet, Sophie"]
[Black "Ruhlmann, Helene"]
[Result "1-0"]
[WhiteElo "2391"]
[BlackElo "1799"]
[PlyCount "47"]
[EventDate "2013.05.08"]
[EventType "swiss"]
[EventRounds "6"]
[EventCountry "FRA"]
[SourceTitle "EXT 2014"]
[Source "ChessBase"]
[SourceDate "2013.11.20"]
[SourceVersion "1"]
[SourceVersionDate "2013.11.20"]
[SourceQuality "1"]

1. e4 g6 2. d4 c6 3. Nc3 d5 4. h3 Bg7 5. Nf3 dxe4 6. Nxe4 Nf6 7. Nxf6+ exf6 8. Bc4 0-0 9. 0-0 Qc7 10. Re1 Nd7 11. Bd2 a5 12. Qc1 Nb6 13. Bf1 Be6 14. c4 Rfd8 15. a4 Bf8 16. b3 Nd7 17. Qb2 Qb6 18. Be3 Qc7 19. Rac1 Nb8 20. d5 Bc8 21. Qxf6 Bg7 22. Qh4 Nd7 23. d6 Qxd6 24. Qxd8+ 1-0

[Event "Sautron op (Women)"]
[Site "Sautron"]
[Date "2013.05.10"]
[Round "5"]
[White "Ruhlmann, Helene"]
[Black "Auvray, Honorine"]
[Result "1/2-1/2"]
[WhiteElo "1799"]
[BlackElo "1842"]
[PlyCount "94"]
[EventDate "2013.05.08"]
[EventType "swiss"]
[EventRounds "6"]
[EventCountry "FRA"]
[SourceTitle "EXT 2014"]
[Source "ChessBase"]
[SourceDate "2013.11.20"]
[SourceVersion "1"]
[SourceVersionDate "2013.11.20"]
[SourceQuality "1"]

1. Nf3 d5 2. d4 e6 3. c4 Nf6 4. Bg5 Be7 5. Nc3 0-0 6. e3 b6 7. cxd5 exd5 8. Bd3 Bb7 9. Bxf6 Bxf6 10. Qc2 h6 11. 0-0-0 Na6 12. Qe2 Nb4 13. Bb1 c5 14. g4 Rc8 15. a3 g6 16. h4 Bg7 17. h5 g5 18. Bf5 Rc6 19. Kb1 Na6 20. Ne1 cxd4 21. exd4 Re8 22. Qd2 Rc4 23. Nc2 Nb8 24. f4 Bf6 25. Bd3 Rc8 26. fxg5 Bxg5 27. Qf2 Ba6 28. Nb4 Bxd3+ 29. Rxd3 Nd7 30. Rf1 Rf8 31. Nbxd5 Rc6 32. Rf3 f6 33. Ne4 Kg7 34. Ng3 Ne5 35. Nf5+ Kh8 36. dxe5 Qxd5 37. Ne7 Qe4+ 38. Ka1 Rc2 39. Qe1 Rc1+ 40. Qxc1 Bxc1 41. Ng6+ Kg8 42. Nxf8 Bxb2+ 43. Kxb2 Qxe5+ 44. Ka2 Qd5+ 45. Kb2 Qb5+ 46. Ka2 Qd5+ 47. Kb2 Qd8 1/2-1/2

[Event "FRA-ch U18 Girls"]
[Site "Saint Paul Trois Chateaux"]
[Date "2013.05.02"]
[Round "5"]
[White "Ruhlmann, Helene"]
[Black "Fischer, Julie"]
[Result "0-1"]
[WhiteElo "1794"]
[BlackElo "1895"]
[PlyCount "99"]
[EventDate "2013.04.28"]
[EventType "swiss"]
[EventRounds "9"]
[EventCountry "FRA"]
[SourceTitle "CBM 154 Extra"]
[Source "ChessBase"]
[SourceDate "2013.06.25"]
[SourceVersion "2"]
[SourceVersionDate "2013.06.25"]
[SourceQuality "1"]

1. d4 Nf6 2. c4 g6 3. Nc3 Bg7 4. e4 d6 5. f3 0-0 6. Nge2 c5 7. d5 Na6 8. Ng3 Nc7 9. Be2 Bd7 10. h4 h5 11. Bg5 a6 12. a4 b6 13. 0-0 Rb8 14. Qd2 Kh7 15. Nh1 b5 16. axb5 axb5 17. Nf2 bxc4 18. Bxc4 Rb4 19. b3 Qc8 20. Nd3 Rb6 21. e5 Ng8 22. Rae1 Bxe5 23. Nxe5 dxe5 24. Ne4 Nb5 25. b4 Nd6 26. Nxd6 exd6 27. bxc5 dxc5 28. Rd1 Ba4 29. Qa5 Rb4 30. Rc1 Qb7 31. d6 Qb6 32. Qxb6 Rxb6 33. Be7 Nxe7 34. dxe7 Re8 35. Bxf7 Rxe7 36. Bd5 Rc7 37. Rfe1 Kg7 38. Rxe5 Kf6 39. f4 Rb4 40. Bc4 Rb2 41. g3 Rd2 42. Bf1 Bc2 43. Re2 Rxe2 44. Bxe2 Be4 45. Kf2 Rc6 46. Bb5 Rc7 47. Bc4 Kf5 48. Ke3 Ra7 49. Rc3 Ra5 50. Be6+ 0-1